Statistieken voor Landen die behoren tot het continent Zuid Amerika

Klik hier om de quiz te nemen!

Algemene statistieken

  • Deze quiz is 32 keer genomen
    (29 sinds de laatste reset)
  • De gemiddelde score is 11 van 12

Antwoordstatistieken

Antwoord% Correct
Argentinië
100%
Bolivia
100%
Brazilië
100%
Colombia
100%
Ecuador
100%
Venezuela
100%
Peru
89%
Suriname
89%
Uruguay
89%
Chili
78%
Guyana
78%
Paraguay
78%

Scoreverdeling

Percentiel versus Aantal Correcte Antwoorden

Procent van Mensen met Elke Score

Uw Scoregeschiedenis

U heeft deze quiz nog niet genomen sinds de laatste reset